00541nam a2200193Ia 4500008004100000041001200041082001200053100002000065245005200085260003400137300000800171365000700179520001500186546001200201630005200213650001500265655001500280730005200295101110s9999 xx 000 0 und d aENGLISH bSR25880 aPrabhu Vinay v. aIndustrial and organisational psychology (TYBA) c2002bSheth Prakashan, Mumbai a243 b90 aPsychology aENGLISH aIndustrial and organisational psychology (TYBA) aPsychology aPsychology aIndustrial and organisational psychology (TYBA)